LEADER 01477nam a2200301 4500 001 000000341020 003 CaOOAMICUS 005 20200710114431.0 008 200710s1984 fr 000 u fre r 040 $aSeMil$bita 100 0 $aIoannes Paulus II,$c.$0(OLS)http://semarc/name/646 245 13$aLe sens chrétien de la souffrance humaine (Salvifici doloris) /$cJean-Paul 2. 264 1$aTournai :$bCentre Diocesain de Documentation,$c1984. 300 $a71 p. ;$c18 cm 490 1 $aCollection Documents 500 $aLettre apostolique aux évêques, aux prêtres, aux familles religieuses et aux fidèles de l'Eglise catholique sur le sens chrétien de la souffrance humaine 541 0 $aFondo Card. Giovanni Colombo 650 4$aGiovanni Paolo II - Lettere apostoliche . Salvifici doloris.$0(OLS)http://semarc/subject/28708 830 0$aDocuments ;$v25.$0(OLS)http://semarc/title/430075 850 $aSeMil 852 $aSeMil$W1$xVenegono$y1$m3GC VIII 255/12$j220939$B232671$CSeMilBibl$Z2$F232671 $8B 900 1 $aWojtyla, Karol,$d<1920-2005>. 900 0 $aGiovanni Paolo II$c. 996 $6245$aLe sens chrétien de la souffrance humaine (Salvifici doloris)$9(OLS)http://semarc/title/430074 996 $6264$aTournai :$bCentre Diocesain de Documentation$9(OLS)http://semarc/publisher/59117 LEADER 01040nam a2200265 i 4500 001 000000069990 003 CaOOAMICUS 005 20080604000000.0 008 080604s1975 it u000 u ita u 013 $a41162 040 $aSeMil$bita 100 1 $aBontadini, Gustavo ,$d<1903-1990>.$0(OLS)http://semarc/name/817 245 10$aMetafisica e deellenizzazione /$cGustavo Bontadini. 260 $aMilano :$bVita e Pensiero,$c1975. 300 $aVIII, 160 p. ;$c20 cm. 490 0 $aFilosofia e scienze umane ;$v6 500 $aFondo Card. Giovanni Colombo. 650 4$aFilosofia - Metafisica.$0(OLS)http://semarc/subject/13923 830 0$aFilosofia e scienze umane ;$v6.$0(OLS)http://semarc/title/6992 850 $aSeMil 852 $aSeMil$W1$xVenegono$y1$m2P I 455 °$j36143$B36143$CSeMilBibl$Z2$F36146 $81 941 1 $a3 961 $aLascito: Colombo Card. Giovanni 996 $6245$aMetafisica e deellenizzazione$9(OLS)http://semarc/title/73806 996 $6260$aMilano :$bVita e Pensiero$9(OLS)http://semarc/publisher/29642